Allen's commercial organic analysis : tannins, writing inks, stamping, typing and marking inks, printing inks, amines and ammonium bases, analysis of leather, colouring matters of natural origin,___ /

Uloženo v:
Podrobná bibliografie
Hlavní autor: Sadtler, Samuel S. (ed.)
Další autoři: Lathrop, Elbert C. (ed.) (ed.), Mitchell, C. Ainsworth (ed.) (ed.)
Médium: Kniha
Jazyk:angličtina
Vydáno: Filadelfia, EUA : Blakiston, 1948, c1927
Vydání:5a edición
Témata:
Tagy: Přidat tag
Žádné tagy, Buďte první, kdo vytvoří štítek k tomuto záznamu!

MARC

LEADER 00000nam^a2200000^a^4500
001 000066813
005 20250521000000.0
009 20260310091231.333
037 |a Acervo ITESO - Biblioteca 
041 |a ING 
082 |a 547. 3  |b SAD V. 5 
100 |a Sadtler, Samuel S.  |e (ed.) 
245 1 0 |a Allen's commercial organic analysis :  |b tannins, writing inks, stamping, typing and marking inks, printing inks, amines and ammonium bases, analysis of leather, colouring matters of natural origin,___ /  |c Ed. de S.S. Sadtler, E.C. Lathrop, C.A. Mitchell. 
250 |a 5a edición  |b revisada y aumentada 
264 4 |a Filadelfia, EUA :  |b Blakiston,  |c 1948, c1927 
300 |a 700 p. 
336 |a texto  |b txt  |2 rdacontenido 
337 |a sin mediación  |b n  |2 rdamedio 
338 |a volumen  |b nc  |2 rdasoporte 
649 |a XX 
650 |a Taninos 
650 |a Anilina 
650 |a Tintes 
650 |a Colorantes 
650 |a Industria Peletera 
650 |a Química Analítica 
650 |a Química Orgánica 
700 |a Lathrop, Elbert C.  |e (ed.) 
700 |a Mitchell, C. Ainsworth  |e (ed.) 
910 |a Fondo General 
920 |a Impresos - Libros 
930 |a Colección General 
905 |a 101 
901 |a 0500022370  |b IT1  |c ACC  |u 20250521 
902 |a https://opac.biblio.iteso.mx/vufind/Record/000066813